Cours de calcul différentiel /
Guardado en:
| Autor Principal: | |
|---|---|
| Formato: | Libro |
| Idioma: | French |
| Publicado: |
Paris :
Hermann,
1977, c1967.
|
| Edición: | Nouv. éd, refondue et corr. |
| Series: | Collection Méthodes
|
| Materias: | |
| Etiquetas: |
Agregar Etiqueta
Sin Etiquetas, Sea el primero en etiquetar este registro!
|
| LEADER | 00923cam a2200265 a 4500 | ||
|---|---|---|---|
| 001 | MAT.inmabb002942 | ||
| 008 | 790315t19771967fr############001#0#fre## | ||
| 005 | 20180705164304.0 | ||
| 245 | 1 | 0 | |a Cours de calcul différentiel / |c Henri Cartan. |
| 250 | |a Nouv. éd, refondue et corr. | ||
| 260 | |a Paris : |b Hermann, |c 1977, c1967. | ||
| 300 | |a 355 p. ; |c 22 cm. | ||
| 490 | 0 | |a Collection Méthodes | |
| 500 | |a "C. Buttin, F. Rideau et J. L. Verley sont les auteurs des exercices." | ||
| 500 | |a Publicado anteriormente como: Calcul différentiel. Paris : Hermann, 1967. | ||
| 510 | 4 | |a MR, |c 36 #6243 |3 (de la ed. anterior) | |
| 020 | |a 2705658793 | ||
| 100 | 1 | |a Cartan, Henri Paul, |d 1904- | |
| 240 | 1 | 0 | |a Calcul différentiel. |
| 084 | |a 26E15 |2 msc2000 | ||
| 650 | 0 | |a Differential calculus. | |
| 650 | 0 | |a Differential equations. | |
| 010 | |a 78397123 | ||
| 040 | |a DLC |c DLC |d DLC | ||
| 859 | |h 26 |i C322c-2 |p A-4848 |b BIB. MATEMATICA | ||
